MBO II: A System of Managerial Leadership for the 80s (Record no. 2211)

MARC details
005 - DATE AND TIME OF LATEST TRANSACTION
control field 20250508154508.0
020 ## - INTERNATIONAL STANDARD BOOK NUMBER
International Standard Book Number -0-8224-0977-1
082 ## - DEWEY DECIMAL CLASSIFICATION NUMBER
Classification number 658. 4 ODI
100 ## - MAIN ENTRY--PERSONAL NAME
Author name ODIORNE, G. S.
245 ## - TITLE STATEMENT
Title MBO II: A System of Managerial Leadership for the 80s
260 ## - PUBLICATION, DISTRIBUTION, ETC.
Place of publication, distribution, etc. California,
Name of publisher, distributor, etc. Fearon Pitman Publishers,
Date of publication, distribution, etc. 1979.
300 ## - PHYSICAL DESCRIPTION
Extent viii, 360p.: ill.; figure, table.
Other physical details Index.
Dimensions 25cm.
942 ## - ADDED ENTRY ELEMENTS (KOHA)
Source of classification or shelving scheme Dewey Decimal Classification
Koha item type Books
Holdings
Date last seen Total checkouts Full call number Barcode Cost, replacement price Price effective from Koha item type Lost status Source of classification or shelving scheme Damaged status Not for loan Withdrawn status Home library Current library Shelving location Date acquired Cost, normal purchase price
05/08/2025   658. 4 ODI 0000008553 30000.00 05/08/2025 Books   Dewey Decimal Classification       College of Business Education Main Library College of Business Education Main Library General Collection 11/08/1982 10000.00
05/08/2025   658. 4 ODI 0000008554 30000.00 05/08/2025 Books   Dewey Decimal Classification       College of Business Education Main Library College of Business Education Main Library General Collection 11/08/1982 10000.00
05/08/2025   658. 4 ODI 0000008555 30000.00 05/08/2025 Books   Dewey Decimal Classification       College of Business Education Main Library College of Business Education Main Library General Collection 11/08/1982 10000.00